| 000 | 00823nam a22002177a 4500 | ||
|---|---|---|---|
| 999 |
_c3623 _d3623 |
||
| 003 | AR-CdUCM | ||
| 008 | 190307b ||||| |||| 00| 0 spa d | ||
| 040 |
_aMUNICIPALIDAD PROVINCIAL DEL CUSCO _cBIBLIOTECA MUNICIPAL DEL CUSCO |
||
| 082 |
_a869.50 / _bH37 |
||
| 100 |
_aHelguero Seminario, Federico _911822 |
||
| 245 |
_aDe la patria vieja : _bantología de cuentos y leyendas piuranas / |
||
| 260 |
_aPiura : _bUniversidad de Piura, _c1974. |
||
| 300 |
_a126 paginas ; _c18 cm. |
||
| 440 |
_aColección algarrobo _n16 _911823 |
||
| 505 | _aLa virgen de las mercedes de Pita -- El cementerio de San Teodoro -- La leyenda del tesoro manso -- Genialidades de un noble ... | ||
| 650 |
_aCuento peruano _93686 |
||
| 650 |
_aPiura en la literatura _911824 |
||
| 650 |
_aColecciones _9607 |
||
| 942 |
_2ddc _cLIBROS |
||
| 945 | _aacv | ||